00496nam a2200157Ia 45000010006000000050017000060080041000230410008000640820016000721000032000882450165001202600009002853000028002946500008003226540008003301640520260306170307.0260306t2019||||xx |||||||||||||| ||und|| aESP a348.57bV64 aVignolo Cueva, OrlandoeAUT 0aLa dogmática del principio de subsidiariedad horizontal:bliberalización de sectores y el surgimiento de la administración pública regulatoria en Perú c2019 a338 páginas :c24 cm. aGEN aCDE